000 01072nam a22003257a 4500
001 000494
003 DO-SdBPM
005 20260522121411.0
007 ta
008 160914b 2005 mx ||||| |||| 00| 0 spa d
020 _a8497598520
040 _aDO-SdBPM
_bspa
_cBPMSU
_erda
082 0 4 _a616.891
_bH313y 2005
_222
100 1 _aHarris, Thomas Anthony,
_d1913-
_4aut.
_eautor
245 1 0 _aYo estoy bien, tú estás bien /
_cThomas A. Harris ; traducción de Ramón Hernández Sol.
246 1 4 _aYo estoy bien, tú estás bien :
_bGuía práctica de análisis conciliatorio
250 _a2a.ed.
264 _aBarcelona :
_bRandom House,
_c2005.
300 _a253 páginas :
_biliustracion ;
_c19 cm.
336 _atexto
_btxt
_2rdacontent
337 _asin mediación
_bn
_2rdamedia
338 _avolumen
_bnc
_2rdacarrier
490 0 _aDeBolsillo ;
_v52
590 _aInvetariado, 2026/VM
650 7 _aSalud mental.
700 1 _aHernández Sol, Ramón,
_etraductor
900 _a
910 _aVMateo V. Control de calidad. BPMSU
942 _2ddc
_cBK
999 _c11368
_d11368